000 00903nam a2200205 a 4500
001 000029807
005 20200930055824.0
008 110426s2001 dr ab 000 e spa d
020 _a9993481955
040 _aDO-SdBNP
_bspa
_cBNPHU
082 _axxx
_bP438e
100 1 _aPérez Montás, Eugenio
_913156
245 1 0 _aEnsayo clásico :
_breflexiones sobre el vitruvianismo en la historia de las ciudades /
_cEugenio Pérez Montás.
260 _aSanto Domingo :
_bCentro de Altos de Estudios Humanísticos y del Idioma Español:
_bPatronato de la Ciudad Colonial:
_bSecretaría de Estado De Cultura,
_c2001.
300 _a232 p. :
_bmapa, il. ;
_c25 cm.
500 _aEste ensayo clásico fue elaborado a partir del discurso de ingreso como miembro de número de la academia dominicana de la historia.
500 _aIncluye notas al pie de la páginas.
500 _aIncluye índices.
049 _aBNPD
999 _c29299
_d29299